00704 2200277 4500001002100000005001700021008004100038035002400079082001000103090001700113100001800130245005100148250001900199260003000218300003100248500002600279650001100305850001200316980001500328985000600343999001500349999001500364999001500379999001700394999001500411YOGYA-0209000006502120090227040359.0 ind  0010-020900000065021 a795.4 a795.4bYoh B aYOHANES, E. D aBridgebpenawaran dan permainancE. D. Yohanes aCet. 1bCet. 1 aYogyakartabLibertyc1988 aVIII, 189 hlmbikusc21 cm aBibbiografi : hlm 189 aBridge aYOPDYOG a15-09-2008 a5 a94P0054807 a94P0054808 a94P0054809 a94P005447809 a94P0047891